Infant mortality patterns in osteoarcheological samples

Elmentve itt :
Bibliográfiai részletek
Szerző: Éry Kinga
Dokumentumtípus: Cikk
Megjelent: 1997
Sorozat:Acta biologica 42 No. 1-4
Kulcsszavak:Természettudomány, Biológia
Online Access:http://acta.bibl.u-szeged.hu/22251
LEADER 00612nab a2200181 i 4500
001 acta22251
005 20210526105352.0
008 161015s1997 hu o 0|| eng d
022 |a 0563-0592 
040 |a SZTE Egyetemi Kiadványok Repozitórium  |b hun 
041 |a eng 
100 1 |a Éry Kinga 
245 1 0 |a Infant mortality patterns in osteoarcheological samples  |h [elektronikus dokumentum] /  |c  Éry Kinga 
260 |c 1997 
300 |a 25-29 
490 0 |a Acta biologica  |v 42 No. 1-4 
695 |a Természettudomány, Biológia 
856 4 0 |u http://acta.bibl.u-szeged.hu/22251/1/biologica_042_025-029.pdf  |z Dokumentum-elérés